Statystyki dla TOP 10 Piosenek - Young Multi

Kliknij tutaj aby rozwiązać quiz!

Ogólne statystyki

  • Ten quiz został rozwiązany 84 razy
  • Średni wynik to 6 z 10

Statystyki odpowiedzi

NumerTytułAlbum% Poprawnych
02.PlecakNowa Fala
97%
01.PogbaNowa Fala
87%
07.SÓLTOXIC
74%
03.BEZ SERCATOXIC
64%
04.DiamentyNowa Fala
58%
06.TOXIC LUVTOXIC
55%
10.BALLADA O SAMOTNOŚCI (vlone)TOXIC
53%
08.OSCARTOXIC
49%
09.PRZEKRĘTTOXIC
42%
05.SkrzydłaTrapstar
30%

Rozkład punktacji

Percentyl według liczby udzielonych odpowiedzi

Procent ludzi z każdym wynikiem

Twoja historia wyników

Nie rozwiązałeś tego quizu